| 000 | 00366nam a2200133Ia 4500 | ||
|---|---|---|---|
| 008 | 220216s9999 xx 000 0 und d | ||
| 100 | _aPendle T D | ||
| 245 | 0 | _aSurfactants in latices, emulsions and dispersions | |
| 260 |
_bProc. Rubb. Cons. Semin., Latex, London _c1991 |
||
| 500 | _aSource Year: 1992 | ||
| 650 | _aSurfactants | ||
| 856 | _uIRRDB | ||
| 942 | _cJS | ||
| 999 |
_c70026 _d70026 |
||